Computer - Aided filter Design /
Salvato in:
| Altri autori: | |
|---|---|
| Natura: | Libro |
| Lingua: | inglese |
| Pubblicazione: |
New York :
IEEE,
1973
|
| Soggetti: | |
| Tags: |
Nessun Tag, puoi essere il primo ad aggiungerne!!
|
MARC
| LEADER | 00000nam a22000003a 4500 | ||
|---|---|---|---|
| 001 | stu225947 | ||
| 005 | 20150617230149.6 | ||
| 008 | 110526s1989----xxu-----------------eng-d | ||
| 040 | |a STU |b slo | ||
| 041 | 0 | |a eng | |
| 044 | |a xxu | ||
| 080 | |a 621.372.54 | ||
| 100 | 1 | |a Szentirmai, George |4 edt | |
| 245 | 1 | |a Computer - Aided filter Design / |c Ed.: Szentirmai, G. | |
| 260 | |a New York : |b IEEE, |c 1973 | ||
| 300 | |a 6, 437 s | ||
| 650 | 7 | |a počítače |2 stusub | |
| 996 | |b E35370 |c E*35370 |l EE16 |s P |a 0 |w stu225947_0001 | ||